00335pab a2200133 454500008004000000100002100040245002900061260000900090300001200099362001100111650002700122700002300149773002900172180718b1987 xxu||||| |||| 00| 0 eng d aNelson, Arthur C aTax reforms and planners c1987 a299-302 aSummer aTaxation - Legislation aMichael A. Stegman aJournal of - Legislation